000 00454nam a22001457a 4500
003 MACL
005 20170623131007.0
008 170623b xxu||||| |||| 00| 0 eng d
040 _c MACL
100 _aजैन, उषा 'शीरीं '
_967773
245 _aबेटी बचाओ बेटी पढाओ
260 _aनई दिल्‍ली
_bबाल निधी
_c2017
650 _aशिक्षा
_967774
942 _2ddc
_cHIN
999 _c56640
_d56640